[Event "BL 1011 Turm Emsdetten - Hamburger SK"]
[Site "?"]
[Date "2011.03.19"]
[Round "12.5"]
[White "Huschenbeth, Niclas"]
[Black "Grandelius, Nils"]
[Result "1-0"]
[WhiteElo "2461"]
[BlackElo "2500"]
[PlyCount "63"]
[EventDate "2011.??.??"]

1. e4 e5 2. Nf3 Nc6 3. Bb5 a6 4. Bxc6 dxc6 5. O-O Qf6 6. d4 exd4 7. Bg5 Qd6 8.
Nxd4 Be7 9. Be3 Nf6 10. f3 O-O 11. Qe2 Rd8 12. Nd2 Qb4 13. a3 Qa5 14. Rfd1 Qe5
15. Nc4 Qh5 16. Bf4 c5 17. Nb3 Rxd1+ 18. Rxd1 b5 19. e5 Ne8 20. Qe4 Rb8 21. Nd6
Qg6 22. Qxg6 hxg6 23. Nxe8 Bf5 24. Nxc7 Bxc2 25. Rd7 Rd8 26. Rxe7 Bxb3 27. Re8+
Rxe8 28. Nxe8 b4 29. Nc7 a5 30. Be3 c4 31. axb4 a4 32. Nb5 1-0

[Event "BL 1011 Turm Emsdetten - Hamburger SK"]
[Site "?"]
[Date "2011.03.19"]
[Round "12.6"]
[White "Pruijssers, Roeland"]
[Black "Heinemann, Thies"]
[Result "1-0"]
[WhiteElo "2483"]
[BlackElo "2488"]
[PlyCount "89"]
[EventDate "2011.??.??"]

1. e4 c5 2. Nf3 d6 3. d4 cxd4 4. Nxd4 Nf6 5. Nc3 a6 6. Be3 e5 7. Nb3 Be6 8. Qd2
Nbd7 9. f3 h5 10. Nd5 Bxd5 11. exd5 a5 12. a4 Be7 13. Bb5 O-O 14. O-O Nb6 15.
c4 Nbd7 16. Rad1 b6 17. Kh1 Qc7 18. Qe2 Nc5 19. Nxc5 dxc5 20. Bd2 Bd6 21. Bc3
Nh7 22. Rde1 f6 23. f4 exf4 24. Qxh5 Qf7 25. Qh3 Ra7 26. Bd2 Ng5 27. Qg4 Ne4
28. Bxf4 f5 29. Qf3 Re7 30. Bxd6 Nxd6 31. Bc6 Re4 32. Qg3 Qe7 33. b3 Rf6 34.
Kg1 Kh7 35. Qh4+ Kg6 36. Rxe4 Nxe4 37. d6 Nxd6 38. Re1 Qc7 39. Bf3 Kf7 40. Bd5+
Kg6 41. Bf3 Kf7 42. Qh5+ Kf8 43. Qh8+ Kf7 44. Bh5+ Rg6 45. Qh7 1-0

[Event "BL 1011 Turm Emsdetten - Hamburger SK"]
[Site "?"]
[Date "2011.03.19"]
[Round "12.7"]
[White "Berger, Steve"]
[Black "Kleijn, Christov"]
[Result "1/2-1/2"]
[WhiteElo "2423"]
[BlackElo "2427"]
[PlyCount "84"]
[EventDate "2011.??.??"]

1. e4 c5 2. Nc3 Nc6 3. Bb5 g6 4. Bxc6 dxc6 5. d3 Bg7 6. Be3 Qd6 7. f4 b6 8. Qd2
Nh6 9. Nf3 f6 10. h3 Nf7 11. O-O-O e5 12. g4 exf4 13. Bxf4 Ne5 14. Rhf1 O-O 15.
Nxe5 fxe5 16. Bh6 Be6 17. Bxg7 Kxg7 18. Ne2 Rxf1 19. Rxf1 Rf8 20. Qe1 Rxf1 21.
Qxf1 c4 22. g5 Qe7 23. h4 cxd3 24. cxd3 Bxa2 25. Qe1 h6 26. Qd2 hxg5 27. Qxg5
Qxg5+ 28. hxg5 Be6 29. b4 Kf7 30. Kb2 Ke7 31. Kc3 Kd6 32. Ng3 c5 33. b5 Bd7 34.
Kc4 Bc8 35. Nf1 a6 36. bxa6 Bxa6+ 37. Kc3 Bc8 38. Nd2 b5 39. Nf3 b4+ 40. Kc2
Ba6 41. Nd2 Bb5 42. Nc4+ Bxc4 1/2-1/2

[Event "BL 1011 Turm Emsdetten - Hamburger SK"]
[Site "?"]
[Date "2011.03.19"]
[Round "12.8"]
[White "Zumsande, Martin"]
[Black "Sebastian, Dirk"]
[Result "1/2-1/2"]
[WhiteElo "2414"]
[BlackElo "2439"]
[PlyCount "91"]
[EventDate "2011.??.??"]

1. e4 e5 2. Nf3 Nc6 3. d4 exd4 4. Nxd4 Nf6 5. Nxc6 bxc6 6. e5 Qe7 7. Qe2 Nd5 8.
c4 Nb6 9. b3 Qe6 10. Bb2 Bb4+ 11. Nd2 a5 12. Qe3 O-O 13. Bd3 d5 14. O-O Bxd2
15. Qxd2 dxc4 16. Bc2 Ba6 17. Rfd1 Nd5 18. bxc4 Bxc4 19. Bxh7+ Kxh7 20. Qc2+
Kg8 21. Qxc4 Rfb8 22. Ba3 Rb6 23. Rac1 Rab8 24. Qe4 Nb4 25. Rc3 Nxa2 26. Rh3
Qxh3 27. gxh3 Nc3 28. Qc4 Nxd1 29. e6 fxe6 30. Qxe6+ Kh8 31. Bc5 Nc3 32. Bd4 c5
33. Bxg7+ Kxg7 34. Qe5+ Kf7 35. Qxc3 Rb5 36. h4 a4 37. Qc4+ Ke7 38. Qxa4 Kd6
39. h5 Rb1+ 40. Kg2 Rg8+ 41. Kh3 Rbb8 42. f3 Rh8 43. Qf4+ Kc6 44. h6 Kb5 45.
Kg4 Rb6 46. Qf7 1/2-1/2

[Event "BL 1011 SV Wattenscheid - Schachfr. Ber"]
[Site "?"]
[Date "2011.03.19"]
[Round "12.2"]
[White "Rustemov, Alexander"]
[Black "Miezis, Normunds"]
[Result "1/2-1/2"]
[WhiteElo "2541"]
[BlackElo "2519"]
[PlyCount "75"]
[EventDate "2011.??.??"]

1. c4 c5 2. Nf3 Nf6 3. g3 Nc6 4. Bg2 e5 5. Nc3 d6 6. O-O Be7 7. d3 O-O 8. Bg5
Ne8 9. Bxe7 Nxe7 10. a3 Rb8 11. b4 b6 12. Rb1 f6 13. e3 Be6 14. Qa4 Bd7 15. Qb3
Be6 16. Rfd1 Qc8 17. Nd2 h6 18. Qa4 a6 19. Rdc1 Nc7 20. Qd1 Bh3 21. Qf1 Bxg2
22. Qxg2 Qd7 23. Rb2 cxb4 24. axb4 d5 25. e4 dxe4 26. dxe4 Rfc8 27. Nf1 Ne6 28.
Ne3 Nd4 29. Qf1 Kh8 30. Kg2 a5 31. Qd3 Nec6 32. Ncd5 axb4 33. Nxb4 Nxb4 34.
Rxb4 b5 35. Rcb1 bxc4 36. Rxc4 Rxb1 37. Rxc8+ Qxc8 38. Qxb1 1/2-1/2

[Event "BL 1011 SV Wattenscheid - Schachfr. Ber"]
[Site "?"]
[Date "2011.03.19"]
[Round "12.3"]
[White "Lauber, Arnd"]
[Black "Appel, Ralf"]
[Result "1/2-1/2"]
[WhiteElo "2497"]
[BlackElo "2547"]
[PlyCount "78"]
[EventDate "2011.??.??"]

1. d4 Nf6 2. c4 e6 3. Nc3 d5 4. cxd5 exd5 5. Bg5 c6 6. e3 Be7 7. Bd3 Nbd7 8.
Qc2 Nf8 9. Nge2 Ne6 10. Bh4 g6 11. O-O O-O 12. f3 Re8 13. Rad1 Nh5 14. Bxe7
Rxe7 15. Kh1 Rd7 16. b4 b6 17. Qb3 Bb7 18. e4 Qg5 19. exd5 cxd5 20. Qb2 Rc8 21.
Qd2 Qxd2 22. Rxd2 Nxd4 23. Nxd4 Rxc3 24. Nb5 Rc8 25. Nxa7 Ra8 26. Nb5 Nf4 27.
Ra1 Ra4 28. a3 Nxd3 29. Nc3 Nc5 30. bxc5 Rc4 31. Ne4 Re7 32. Nf6+ Kg7 33. Nxd5
Bxd5 34. Rxd5 bxc5 35. Rd2 Re3 36. Kg1 Ra4 37. Rc1 c4 38. Rd4 Rexa3 39. Rdxc4
Rxc4 1/2-1/2

[Event "BL 1011 SV Wattenscheid - Schachfr. Ber"]
[Site "?"]
[Date "2011.03.19"]
[Round "12.4"]
[White "Handke, Florian"]
[Black "Polzin, Rainer"]
[Result "1-0"]
[WhiteElo "2494"]
[BlackElo "2494"]
[PlyCount "117"]
[EventDate "2011.??.??"]

1. e4 c5 2. Nf3 d6 3. c3 Nf6 4. Bd3 Nc6 5. h3 e6 6. O-O Be7 7. Re1 O-O 8. Bc2
b6 9. d3 Ba6 10. Nbd2 Rc8 11. Nf1 Nd7 12. d4 cxd4 13. cxd4 e5 14. Ne3 Bf6 15.
dxe5 dxe5 16. Nd5 Nc5 17. Be3 Ne6 18. Bb3 Na5 19. Nxf6+ Qxf6 20. Qd6 Nc4 21.
Bxc4 Rxc4 22. Nxe5 Rd8 23. Nxc4 Rxd6 24. Nxd6 Qxb2 25. Nf5 h6 26. a4 Bd3 27. f3
Kh7 28. Rad1 Qb3 29. Rd2 h5 30. Red1 Bc2 31. Rc1 Bd3 32. h4 Bc4 33. Bf2 Nf4 34.
Kh2 Be6 35. Nd4 Qxa4 36. Bg3 Qa3 37. Rcc2 Nd3 38. Nxe6 fxe6 39. Ra2 Qc3 40.
Rac2 Qa3 41. Rc7 a5 42. Rdc2 Qb3 43. R2c6 a4 44. Ra7 a3 45. Rcc7 Qb2 46. e5
Nxe5 47. Rxg7+ Kh8 48. Rh7+ Kg8 49. Rag7+ Kf8 50. Kh3 Qb1 51. Ra7 Kg8 52. Rhg7+
Kf8 53. Rgb7 Qf5+ 54. Kh2 Nxf3+ 55. gxf3 Qc2+ 56. Kh3 Qf5+ 57. Kg2 Qc2+ 58. Bf2
Qg6+ 59. Kh2 1-0

[Event "BL 1011 SV Wattenscheid - Schachfr. Ber"]
[Site "?"]
[Date "2011.03.19"]
[Round "12.7"]
[White "Thiede, Lars"]
[Black "Tereick, Benjamin"]
[Result "0-1"]
[WhiteElo "2445"]
[BlackElo "2365"]
[PlyCount "104"]
[EventDate "2011.??.??"]

1. g3 c5 2. c4 g6 3. Bg2 Bg7 4. Nc3 Nc6 5. Nf3 d6 6. O-O e6 7. a3 Nge7 8. Rb1
b6 9. b4 Bb7 10. Qc2 O-O 11. d3 Qd7 12. Bd2 Rfd8 13. e3 Rac8 14. b5 Ne5 15.
Nxe5 dxe5 16. Bxb7 Qxb7 17. Rb3 Qf3 18. Na2 Nf5 19. Qd1 Qxd1 20. Rxd1 e4 21.
Bc3 Rd7 22. Bxg7 Kxg7 23. Kf1 Rcd8 24. Ke2 Nh6 25. f3 exf3+ 26. Kxf3 f5 27. Ke2
Ng4 28. h3 Ne5 29. Rc3 g5 30. Nc1 h5 31. Nb3 g4 32. d4 Nf3 33. Rcd3 e5 34. hxg4
hxg4 35. d5 e4 36. Rc3 Rh8 37. Rf1 Rh3 38. Kd1 Kf6 39. Nc1 Rxg3 40. Rc2 Ne5 41.
Kd2 Rg2+ 42. Ne2 Rh7 43. Kd1 Rhh2 44. d6 Rh7 45. Nd4 cxd4 46. exd4 Rxc2 47.
dxe5+ Kxe5 48. Kxc2 Rd7 49. c5 bxc5 50. Kc3 Rxd6 51. Kc4 g3 52. Kxc5 f4 0-1

[Event "BL 1011 SV Wattenscheid - Schachfr. Ber"]
[Site "?"]
[Date "2011.03.19"]
[Round "12.8"]
[White "Straeter, Timo"]
[Black "Thinius, Marco"]
[Result "1/2-1/2"]
[WhiteElo "2325"]
[BlackElo "2367"]
[PlyCount "109"]
[EventDate "2011.??.??"]

1. d4 Nf6 2. c4 e6 3. Nf3 d5 4. e3 b6 5. Nc3 Bb7 6. cxd5 exd5 7. Bb5+ c6 8. Bd3
Nbd7 9. O-O Be7 10. Ne5 Nxe5 11. dxe5 Nd7 12. f4 Nc5 13. Bc2 Qc7 14. b4 Ne6 15.
f5 Ng5 16. Qd4 f6 17. e6 Bd6 18. h4 Bh2+ 19. Kh1 Be5 20. Qd2 Ne4 21. Bxe4 dxe4
22. Bb2 Ba6 23. Rfd1 Bd3 24. Ne2 O-O-O 25. Rac1 Kb7 26. Nd4 Bxd4 27. Bxd4 Qg3
28. Qe1 Qg4 29. Qc3 Rc8 30. Rxd3 exd3 31. Qxd3 Rhd8 32. a4 Rd6 33. a5 Qxh4+ 34.
Kg1 b5 35. a6+ Kc7 36. Qxb5 Qe1+ 37. Rxe1 cxb5 38. Rc1+ Rc6 39. Rxc6+ Kxc6 40.
Bxa7 Ra8 41. Bc5 Rxa6 42. Kf2 Kd5 43. Kf3 Ra8 44. g4 Ra1 45. Bb6 Kc6 46. Bd4
Rf1+ 47. Kg2 Rc1 48. g5 fxg5 49. Bxg7 Kd6 50. Bf8+ Ke5 51. e4 Rc4 52. Bg7+ Kd6
53. Bf8+ Ke5 54. Bg7+ Kd6 55. Bf8+ 1/2-1/2

[Event "BL 1011 Bayern München - SG Turm Trier"]
[Site "?"]
[Date "2011.03.19"]
[Round "12.1"]
[White "Lupulescu, Constantin"]
[Black "Bezold, Michael"]
[Result "1/2-1/2"]
[WhiteElo "2617"]
[BlackElo "2525"]
[PlyCount "73"]
[EventDate "2011.??.??"]

1. d4 d5 2. c4 e6 3. Nc3 c5 4. cxd5 exd5 5. Nf3 Nc6 6. g3 Nf6 7. Bg2 Bg4 8. Bg5
Bxf3 9. Bxf3 Nxd4 10. Bxd5 Be7 11. Bxf6 Bxf6 12. O-O O-O 13. e3 Ne6 14. Qb3 Qe7
15. Bg2 Bxc3 16. bxc3 Rab8 17. c4 Rfd8 18. Rfd1 b6 19. a4 Rxd1+ 20. Qxd1 Qf6
21. Ra3 Rd8 22. Bd5 Ng5 23. Kg2 g6 24. Rd3 Kg7 25. h4 Ne6 26. Qd2 Nc7 27. e4
Ne6 28. Rf3 Qe5 29. Qc3 Qxc3 30. Rxc3 Nc7 31. a5 Rb8 32. axb6 axb6 33. Bc6 Na6
34. Rd3 Nb4 35. Rd6 Nxc6 36. Rxc6 Rd8 37. Rxb6 1/2-1/2

[Event "BL 1011 Bayern München - SG Turm Trier"]
[Site "?"]
[Date "2011.03.19"]
[Round "12.2"]
[White "Bromberger, Stefan"]
[Black "Howell, David W L"]
[Result "1/2-1/2"]
[WhiteElo "2530"]
[BlackElo "2616"]
[PlyCount "56"]
[EventDate "2011.??.??"]

1. e4 e5 2. Nf3 Nc6 3. Bb5 a6 4. Ba4 Nf6 5. O-O Be7 6. Re1 b5 7. Bb3 O-O 8. c3
d6 9. h3 Na5 10. Bc2 c5 11. d4 Nd7 12. Nbd2 exd4 13. cxd4 Nc6 14. d5 Nce5 15.
a4 Nxf3+ 16. Nxf3 Rb8 17. axb5 axb5 18. Bf4 Rb6 19. Ra7 Bf6 20. e5 dxe5 21.
Nxe5 Nxe5 22. Bxe5 Bb7 23. Bxf6 Qxf6 24. d6 Rxd6 25. Bxh7+ Kxh7 26. Qh5+ Kg8
27. Rxb7 Rb6 28. Rbe7 Qd6 1/2-1/2

[Event "BL 1011 Bayern München - SG Turm Trier"]
[Site "?"]
[Date "2011.03.19"]
[Round "12.3"]
[White "Erdoes, Viktor"]
[Black "Schenk, Andreas"]
[Result "1-0"]
[WhiteElo "2576"]
[BlackElo "2519"]
[PlyCount "83"]
[EventDate "2011.??.??"]

1. d4 d5 2. c4 e6 3. Nc3 c6 4. Nf3 Nf6 5. Bg5 h6 6. Bxf6 Qxf6 7. e3 Nd7 8. Bd3
dxc4 9. Bxc4 g6 10. O-O Bg7 11. Re1 O-O 12. e4 e5 13. d5 Nb6 14. Bb3 Bg4 15.
Re3 Rfd8 16. Qe2 Bf8 17. h3 Bd7 18. Nh2 Be8 19. Ng4 Qg7 20. Rg3 Kh8 21. Rd1 Rd6
22. Rgd3 Bd7 23. dxc6 Rxd3 24. Rxd3 Bxc6 25. Rf3 Be8 26. Nf6 Bc6 27. Ng4 Be8
28. Nd5 h5 29. Ngf6 Bc6 30. g4 Bxd5 31. exd5 Bd6 32. gxh5 e4 33. Qxe4 gxh5+ 34.
Kf1 Rc8 35. Rf5 Qg6 36. h4 Rc1+ 37. Ke2 Bf8 38. Rxh5+ Bh6 39. Qxg6 fxg6 40.
Rxh6+ Kg7 41. Ng4 Rg1 42. f3 1-0

[Event "BL 1011 Bayern München - SG Turm Trier"]
[Site "?"]
[Date "2011.03.19"]
[Round "12.4"]
[White "Renner, Christoph"]
[Black "Bobras, Piotr"]
[Result "0-1"]
[WhiteElo "2420"]
[BlackElo "2535"]
[PlyCount "78"]
[EventDate "2011.??.??"]

1. d4 Nf6 2. Nf3 g6 3. Bf4 Bg7 4. e3 O-O 5. Be2 c5 6. c3 d6 7. h3 b6 8. O-O Bb7
9. Nbd2 Nbd7 10. a4 a6 11. Qb3 Qb8 12. Bh2 Bc6 13. c4 cxd4 14. exd4 e5 15. Rfd1
Re8 16. Nf1 Nh5 17. dxe5 Nc5 18. Qc2 dxe5 19. b4 Ne6 20. Ne3 Nhf4 21. Nd5 Qb7
22. Bxf4 exf4 23. Rac1 Rad8 24. a5 bxa5 25. bxa5 Bxd5 26. cxd5 Rxd5 27. Rxd5
Qxd5 28. Qa4 Rd8 29. Bxa6 Nd4 30. Nxd4 Bxd4 31. Bc4 Bxf2+ 32. Kh1 Qd2 33. Rf1
f3 34. gxf3 Bg3 35. Qa2 Qf4 36. Bd5 Qf5 37. Rd1 Bc7 38. a6 Qxh3+ 39. Kg1 Bb6+
0-1

[Event "BL 1011 Bayern München - SG Turm Trier"]
[Site "?"]
[Date "2011.03.19"]
[Round "12.5"]
[White "Haslinger, Stewart"]
[Black "Tischbierek, Raj"]
[Result "1/2-1/2"]
[WhiteElo "2543"]
[BlackElo "2451"]
[PlyCount "49"]
[EventDate "2011.??.??"]

1. e4 c5 2. Nf3 Nf6 3. Nc3 d5 4. exd5 Nxd5 5. Bb5+ Bd7 6. Qe2 Nb4 7. d3 Bxb5 8.
Nxb5 a6 9. Nc3 N8c6 10. O-O e6 11. Bg5 Be7 12. Bxe7 Nxe7 13. Rfd1 Nbc6 14. Qe4
Nf5 15. Ne2 Qb6 16. d4 cxd4 17. Nexd4 Nfxd4 18. Nxd4 Nxd4 19. Qxd4 Qxd4 20.
Rxd4 Rd8 21. Rad1 Rxd4 22. Rxd4 Ke7 23. Rb4 b5 24. a4 Rc8 25. axb5 1/2-1/2

[Event "BL 1011 Bayern München - SG Turm Trier"]
[Site "?"]
[Date "2011.03.19"]
[Round "12.7"]
[White "Gonda, Laszlo"]
[Black "Meister, Peter"]
[Result "1-0"]
[WhiteElo "2550"]
[BlackElo "2446"]
[PlyCount "79"]
[EventDate "2011.??.??"]

1. d4 g6 2. c4 Bg7 3. e4 d6 4. Nf3 Bg4 5. Be2 Bxf3 6. Bxf3 Nc6 7. Be3 e5 8. d5
Nd4 9. Bxd4 exd4 10. Nd2 Ne7 11. Rb1 a5 12. O-O O-O 13. Nb3 c5 14. Nc1 Nc8 15.
Be2 Re8 16. Bd3 Nb6 17. f4 Nd7 18. Qf3 h5 19. Nb3 Qh4 20. Nd2 f5 21. Rfe1 Nf6
22. g3 Qh3 23. exf5 Re3 24. Qf1 Qg4 25. Rxe3 dxe3 26. Nf3 gxf5 27. Nh4 Ne4 28.
Be2 Bd4 29. Qg2 Qxh4 30. gxh4+ Kh8 31. Re1 Rg8 32. Qxg8+ Kxg8 33. Kg2 a4 34.
Bd3 Nd2 35. b3 axb3 36. axb3 Nxb3 37. Rb1 Nd2 38. Rxb7 Ne4 39. Kf3 Nd2+ 40. Ke2
1-0

[Event "BL 1011 Bayern München - SG Turm Trier"]
[Site "?"]
[Date "2011.03.19"]
[Round "12.8"]
[White "Deglmann, Ludwig"]
[Black "Cioara, Andrei Nestor"]
[Result "1/2-1/2"]
[WhiteElo "2397"]
[BlackElo "2426"]
[PlyCount "74"]
[EventDate "2011.??.??"]

1. c4 Nf6 2. g3 e6 3. Bg2 d5 4. Nf3 Be7 5. O-O O-O 6. b3 c5 7. e3 Nc6 8. Bb2 b6
9. Qe2 Bb7 10. Nc3 d4 11. exd4 Nxd4 12. Nxd4 Bxg2 13. Kxg2 Qxd4 14. d3 Qd7 15.
Rad1 Qb7+ 16. Qf3 Qxf3+ 17. Kxf3 Rfd8 18. Rd2 Nd7 19. Ne2 Bg5 20. Rdd1 a5 21.
d4 Bf6 22. Bc3 a4 23. d5 Ne5+ 24. Bxe5 Bxe5 25. dxe6 fxe6 26. Ke4 Bf6 27. Nf4
Kf7 28. Rxd8 Rxd8 29. Nd3 Rd4+ 30. Ke3 e5 31. f4 exf4+ 32. Rxf4 Rd8 33. Rf1
axb3 34. axb3 Ra8 35. h4 Ra2 36. Rf3 Ke6 37. Ke4 g5 1/2-1/2

[Event "BL 1011 Nickelhütte Aue - SV Griesheim"]
[Site "?"]
[Date "2011.03.19"]
[Round "12.1"]
[White "Mista, Aleksandar"]
[Black "Meijers, Viesturs"]
[Result "1/2-1/2"]
[WhiteElo "2574"]
[BlackElo "2502"]
[PlyCount "137"]
[EventDate "2011.??.??"]

1. e4 c5 2. Nf3 e6 3. d4 cxd4 4. Nxd4 a6 5. Bd3 Bc5 6. Nb3 Be7 7. O-O d6 8. c4
Qc7 9. Nc3 b6 10. Be3 Nd7 11. Rc1 Bb7 12. Qd2 Ngf6 13. f3 Ne5 14. Rfd1 Nxd3 15.
Qxd3 Nd7 16. Bf4 Ne5 17. Qd4 Bf6 18. Qf2 Rb8 19. Na4 Bc6 20. c5 bxc5 21. Naxc5
dxc5 22. Qxc5 Qb6 23. Nd4 Qxc5 24. Rxc5 Bd7 25. Bxe5 Bxe5 26. Rxe5 Rxb2 27. Nf5
Rxa2 28. Nxg7+ Ke7 29. Nf5+ Kf6 30. f4 Ba4 31. Rd6 Rc8 32. h4 Rc6 33. Ra5 Rxd6
34. Nxd6 Bb3 35. Rg5 Ke7 36. e5 Ra4 37. g3 Kf8 38. f5 exf5 39. Rxf5 Ra1+ 40.
Kf2 Be6 41. Rh5 a5 42. Rxh7 a4 43. Rh8+ Ke7 44. Ne4 Bd5 45. Nf6 Bc6 46. Rc8 Rc1
47. Rc7+ Ke6 48. Nh5 Kxe5 49. Rxf7 Kd4 50. Nf4 Rc2+ 51. Ne2+ Kc5 52. Ke3 a3 53.
Ra7 Kb4 54. Nd4 Rc3+ 55. Kd2 Rxg3 56. Nxc6+ Kc5 57. Ne5 Rh3 58. Ng6 Kb4 59.
Rb7+ Ka4 60. Kc2 a2 61. Ra7+ Kb4 62. Nf4 Rh2+ 63. Kd3 Rxh4 64. Rb7+ Ka3 65.
Ra7+ Kb2 66. Rb7+ Ka3 67. Ra7+ Kb2 68. Rb7+ Ka3 69. Ke4 1/2-1/2

[Event "BL 1011 Nickelhütte Aue - SV Griesheim"]
[Site "?"]
[Date "2011.03.19"]
[Round "12.2"]
[White "Slobodjan, Roman"]
[Black "Berczes, David"]
[Result "0-1"]
[WhiteElo "2556"]
[BlackElo "2520"]
[PlyCount "121"]
[EventDate "2011.??.??"]

1. e4 c6 2. d4 d5 3. Nd2 dxe4 4. Nxe4 Bf5 5. Ng3 Bg6 6. h4 h6 7. Nf3 e6 8. Bd3
Bxd3 9. Qxd3 Nf6 10. Bf4 Qa5+ 11. Bd2 Bb4 12. c3 Be7 13. Ne5 Nbd7 14. Nc4 Qa6
15. Qe2 Nb6 16. Nxb6 Qxe2+ 17. Kxe2 axb6 18. a4 O-O 19. b3 Rfd8 20. Rad1 Bd6
21. Nf1 b5 22. axb5 cxb5 23. Ne3 Ne4 24. Ra1 Be7 25. g3 b4 26. cxb4 Rxa1 27.
Rxa1 Nxd2 28. Kxd2 Rxd4+ 29. Kc3 Bf6 30. Kc2 Rxb4 31. Ra8+ Kh7 32. Rf8 Kg6 33.
h5+ Kxh5 34. Rxf7 Kg6 35. Rd7 Bd4 36. Rd6 Kf7 37. Rd7+ Kf6 38. Ng4+ Kf5 39. f3
h5 40. Nh2 g6 41. Rf7+ Ke5 42. Nf1 Bf2 43. Kc3 Be1+ 44. Kc2 Bf2 45. Kc3 Rb5 46.
Rf4 g5 47. Re4+ Kf6 48. Re2 Bb6 49. Nd2 Bc7 50. Ne4+ Kf5 51. Kc4 Re5 52. Rh2
Rxe4+ 53. fxe4+ Kg4 54. Kd3 Bxg3 55. Rc2 Kf3 56. Rc5 Bf4 57. Rb5 h4 58. Rxb7 h3
59. Rh7 h2 60. b4 Bg3 61. Kd4 0-1

[Event "BL 1011 Nickelhütte Aue - SV Griesheim"]
[Site "?"]
[Date "2011.03.19"]
[Round "12.3"]
[White "Tazbir, Marcin"]
[Black "Petr, Martin"]
[Result "1-0"]
[WhiteElo "2523"]
[BlackElo "2468"]
[PlyCount "61"]
[EventDate "2011.??.??"]

1. e4 e6 2. d4 d5 3. Nc3 Bb4 4. e5 c5 5. a3 Bxc3+ 6. bxc3 Ne7 7. h4 Qa5 8. Bd2
Qa4 9. Nf3 Nbc6 10. h5 cxd4 11. Rh4 b6 12. Nxd4 Nxd4 13. Rxd4 Qd7 14. Qg4 g6
15. Qf4 Bb7 16. a4 Qc7 17. a5 O-O-O 18. axb6 axb6 19. Qxf7 Qxe5+ 20. Be2 Qd6
21. Bg4 Nf5 22. Rda4 Qe5+ 23. Kf1 Rd7 24. Bf4 Rxf7 25. Bxe5 Rhf8 26. Kg1 Bc6
27. Ra6 Kb7 28. Bxf5 Rxf5 29. Ra7+ Kc8 30. Rc7+ Kd8 31. Bd6 1-0

[Event "BL 1011 Nickelhütte Aue - SV Griesheim"]
[Site "?"]
[Date "2011.03.19"]
[Round "12.4"]
[White "Gaponenko, Inna"]
[Black "Murdzia, Piotr"]
[Result "1/2-1/2"]
[WhiteElo "2469"]
[BlackElo "2477"]
[PlyCount "92"]
[EventDate "2011.??.??"]

1. e4 e5 2. Nf3 Nc6 3. Bb5 a6 4. Bxc6 dxc6 5. O-O Bd6 6. d4 exd4 7. Qxd4 f6 8.
Be3 Ne7 9. Nbd2 Be6 10. Qc3 a5 11. a3 O-O 12. Nd4 Bf7 13. Nc4 a4 14. Rad1 Qd7
15. Nf3 Rfd8 16. Nxd6 cxd6 17. Bb6 Re8 18. Bc5 Nc8 19. e5 Bd5 20. exd6 Nxd6 21.
Qb4 Re4 22. Rd4 Rxd4 23. Nxd4 Nc4 24. b3 axb3 25. cxb3 Ne5 26. Qc3 h5 27. a4
Re8 28. h3 Ng6 29. Re1 Nf4 30. f3 Re5 31. Rxe5 fxe5 32. Qe3 Nxh3+ 33. gxh3 exd4
34. Bxd4 Qxh3 35. Qe8+ Kh7 36. Qe5 Qd7 37. Qxh5+ Kg8 38. Qg4 Qxg4+ 39. fxg4
Bxb3 40. a5 Kf7 41. g5 g6 42. Kf2 Ke6 43. Ke3 Kd5 44. Kd3 Bc2+ 45. Kc3 Bf5 46.
Bb6 c5 1/2-1/2

[Event "BL 1011 Nickelhütte Aue - SV Griesheim"]
[Site "?"]
[Date "2011.03.19"]
[Round "12.6"]
[White "Spiess, Gunter"]
[Black "Grabarczyk, Bogdan"]
[Result "1-0"]
[WhiteElo "2429"]
[BlackElo "2448"]
[PlyCount "105"]
[EventDate "2011.??.??"]

1. d4 d5 2. c4 dxc4 3. Nf3 a6 4. e3 Nf6 5. Bxc4 b5 6. Be2 Bb7 7. a4 b4 8. O-O
Nbd7 9. Nbd2 e6 10. Nc4 c5 11. dxc5 Bxc5 12. Nd6+ Bxd6 13. Qxd6 Qe7 14. Qxe7+
Kxe7 15. a5 Nc5 16. Bd2 Bxf3 17. gxf3 Rab8 18. Rac1 Rhd8 19. Bxb4 Rxb4 20. Rxc5
Rxb2 21. Bxa6 Rdd2 22. Rc7+ Nd7 23. Bc8 Kd8 24. Rxd7+ Rxd7 25. Bxd7 Kxd7 26.
Ra1 Kc7 27. Kg2 Kb7 28. f4 Rc2 29. Kf3 Ka6 30. Rg1 g6 31. Rd1 Rc7 32. Ke4 Rc5
33. Rd7 Rf5 34. Kf3 h5 35. h4 Kxa5 36. Rb7 Ka6 37. Rb1 Ka7 38. Ke4 Ka6 39. Rg1
Rb5 40. Rg5 Rb2 41. Ke5 Rxf2 42. Kf6 Rh2 43. Kxf7 Rxh4 44. Rxg6 Kb5 45. Kxe6
Kc4 46. Ke5 Kd3 47. e4 Rg4 48. Rg5 Rh4 49. Rg3+ Ke2 50. f5 Kf2 51. Ra3 Kg2 52.
f6 Rh1 53. Ra8 1-0

[Event "BL 1011 Nickelhütte Aue - SV Griesheim"]
[Site "?"]
[Date "2011.03.19"]
[Round "12.8"]
[White "Wichmann, Cliff"]
[Black "Walter, Stefan"]
[Result "1/2-1/2"]
[WhiteElo "2341"]
[BlackElo "2321"]
[PlyCount "71"]
[EventDate "2011.??.??"]

1. d4 Nf6 2. Nf3 e6 3. g3 b6 4. Bg2 Bb7 5. O-O Be7 6. c4 O-O 7. d5 exd5 8. Nh4
c6 9. cxd5 Nxd5 10. Nf5 Nc7 11. Re1 d5 12. e4 dxe4 13. Bxe4 Bf6 14. Qf3 Nd7 15.
Nc3 Ne5 16. Qg2 g6 17. Rd1 Nd5 18. Nh6+ Kg7 19. Bf4 Nc4 20. Nxd5 cxd5 21. Ng4
Nxb2 22. Rxd5 Bxd5 23. Bxd5 Rc8 24. Bh6+ Kg8 25. Bxf8 Kxf8 26. Qf3 Kg7 27. Rb1
Na4 28. Bxf7 Rc3 29. Qf4 Kxf7 30. Qxa4 Qc7 31. Nxf6 Rc1+ 32. Rxc1 Qxc1+ 33. Kg2
Kxf6 34. Qh4+ Qg5 35. Qd4+ Qe5 36. Qd8+ 1/2-1/2

[Event "BL 1011 Hamburger SK - SV Wattenscheid"]
[Site "?"]
[Date "2011.03.20"]
[Round "13.8"]
[White "Sebastian, Dirk"]
[Black "Straeter, Timo"]
[Result "1-0"]
[WhiteElo "2439"]
[BlackElo "2325"]
[PlyCount "81"]
[EventDate "2011.??.??"]

1. e4 e5 2. Nf3 Nc6 3. Bc4 Bc5 4. c3 Nf6 5. d3 d6 6. h3 a6 7. Bb3 Ba7 8. Nbd2
Ne7 9. Nf1 Ng6 10. Ng3 h6 11. O-O O-O 12. Re1 Re8 13. d4 c6 14. Bc2 Be6 15. Be3
Qc7 16. Qd2 Kh7 17. Rad1 Rad8 18. Qc1 b5 19. Nf5 Bxf5 20. exf5 Nf8 21. dxe5
Bxe3 22. Rxe3 dxe5 23. Rxd8 Rxd8 24. Nxe5 c5 25. g3 Kg8 26. Qe1 N8d7 27. Ng4
Nxg4 28. Re8+ Rxe8 29. Qxe8+ Nf8 30. hxg4 Qd6 31. Qe4 Nd7 32. Qa8+ Nf8 33. Kg2
Kh7 34. Qe8 Kg8 35. Be4 f6 36. Qa8 Kh7 37. Bd5 c4 38. b3 b4 39. Bxc4 bxc3 40.
Qe4 Nd7 41. Qe6 1-0

[Event "BL 1011 OSG Baden Baden - SF Katernberg"]
[Site "?"]
[Date "2011.03.20"]
[Round "13.5"]
[White "Ris, Robert"]
[Black "Adams, Michael"]
[Result "1/2-1/2"]
[WhiteElo "2416"]
[BlackElo "2728"]
[PlyCount "184"]
[EventDate "2011.??.??"]

1. d4 Nf6 2. c4 e6 3. g3 d5 4. Nf3 Bb4+ 5. Bd2 Be7 6. Bg2 c6 7. O-O Nbd7 8. Qb3
a5 9. Bf4 O-O 10. Rd1 b5 11. c5 Nh5 12. Bd2 Qc7 13. Qc2 e5 14. e4 exd4 15. Nxd4
Bxc5 16. Be3 Nhf6 17. exd5 Nxd5 18. Bxd5 cxd5 19. Nxb5 Qb6 20. Bxc5 Nxc5 21.
Nd4 Bg4 22. f3 Bxf3 23. Nxf3 Nb3+ 24. Qf2 Qxf2+ 25. Kxf2 Nxa1 26. Nd4 Rfb8 27.
Rd2 a4 28. Nc3 Kf8 29. Ke2 Re8+ 30. Kd1 a3 31. Kc1 Rac8 32. Rd1 Re3 33. Kb1
axb2 34. Ndb5 Rexc3 35. Nxc3 Rxc3 36. Kxb2 Rc2+ 37. Kxa1 Rxh2 38. Rxd5 h5 39.
a4 h4 40. gxh4 Rxh4 41. a5 Ke7 42. Kb2 Ke6 43. Rg5 Kf6 44. Rg3 g5 45. a6 Rh8
46. a7 Ra8 47. Ra3 g4 48. Kc2 g3 49. Rxg3 Rxa7 50. Kd2 Re7 51. Rg1 Re5 52. Rf1+
Kg6 53. Rg1+ Kh5 54. Kd3 f5 55. Kd4 Re8 56. Rh1+ Kg5 57. Rg1+ Kf6 58. Rf1 Re7
59. Kd3 Re4 60. Rg1 Ke5 61. Ra1 Kf6 62. Rf1 Re5 63. Kd4 Re6 64. Kd3 Re4 65. Rg1
Re5 66. Rf1 Kg5 67. Kd4 Re2 68. Kd3 Re6 69. Rg1+ Kf4 70. Rf1+ Kg4 71. Rg1+ Kh4
72. Rf1 Re5 73. Kd4 Re4+ 74. Kd3 Kg5 75. Rg1+ Rg4 76. Rf1 Re4 77. Rg1+ Kf6 78.
Rf1 Re7 79. Kd4 Re6 80. Kd3 Re8 81. Kd4 Re4+ 82. Kd3 Ke5 83. Ra1 Kf4 84. Rf1+
Kg5 85. Rg1+ Rg4 86. Rf1 Rg3+ 87. Ke2 Kg4 88. Ra1 f4 89. Ra8 Rg2+ 90. Kf1 Rh2
91. Ra3 Rh3 92. Rxh3 Kxh3 1/2-1/2